Allgemeinwissen Unmöglich #1 - Statistiken

Allgemein
  • Dieses Quiz wurde 113 mal gespielt
    96 seit der letzten Aktualisierung
  • Das Durchschnittsergebnis liegt bei 6 aus 15
Antwortstatistiken
Hint Antwort % Korrekt
Wer gewann am häufigsten die UEFA Championsleague Real Madrid
84%
Wer führte die Elefanten über die Alpen Hannibal
74%
Welches Land ist am östlichsten von Afrika Somalia
71%
Welche bekannte Band sang das Lied ,,Here comes the sun‘‘ Beatles
57%
Wie viele Längengerade laufen durch Deutschland 10
56%
Tastenanzahl Klavier (Halbe + Ganze) 88
48%
Wer komponierte den ,,Türkischen Marsch‘‘ Wolfgang Amadeus Mozart
47%
Nördlichster Punkt in Deutschland Sylt
43%
Deutscher Reichsminister für Volksauklärung 1933-1945 Joseph Goebbels
38%
Jugendwort des Jahres 2012 YOLO
27%
Deutsches Sprichwort:,,Das ist bei uns so …‘‘ Usus
18%
Wie hieß das Flugzeug, dass die Atombombe auf Hiroshima abwarf 1945 Enola Gay
17%
Wie hieß der Protagonist des Stücks ,,Besuch der alten Dame‘‘ Alfred Ill
5%
Römischer Kaiser ,,optimus princeps‘‘ Trajan
4%
3. Teil der Triologie ,,Herr der Ringe‘‘ Rückkher des Königs
0%
Keine übereinstimmenden Quizze gefunden
Verteilung der Resultate
Anzahl Personen mit jedem Resultat
Perzentil nach korrekt beantworteten Fragen
Ihre Resultats-Entwicklung
Sie haben dieses Quiz seit der letzten Aktualisierung nicht gespielt